000 00925pam a2200289 a 4500
001 24298
003 BD-RjUL
005 20211209001031.0
008 140313s1991 enkab b 000 0 eng
020 _a0415060273
035 _a(BD-RjUL)24364
040 _aDLC
_cDLC
_dDLC
_dBD-RjUL
_beng
041 _aeng
082 0 0 _a940.24
_220
_bLET 1991
100 1 _aLee, Stephen J.,
_d1945-
_974832
245 1 4 _aThe Thirty Years War /
_cStephen J. Lee.
260 _aLondon [England] ;
_aNew York :
_bRoutledge,
_cc1991.
300 _a73 p. :
_bill., maps ;
_c22 cm.
504 _aIncludes bibliographical references (p. 72-73).
650 0 _aThirty Years' War, 1618-1648.
_974653
740 0 _a30 Years War.
856 4 2 _3Publisher description
_uhttp://www.loc.gov/catdir/enhancements/fy0648/91016159-d.html
942 _2ddc
_cBK
999 _c24298
_d24298